书目信息 |
| 题名: |
砜聚合物及其应用
|
|
| 作者: | 李生柱 , 吴存雷 编著 | |
| 分册: | ||
| 出版信息: | 北京 化学工业出版社 2015.04 |
|
| 页数: | 157页 | |
| 开本: | 24cm | |
| 丛书名: | ||
| 单 册: | ||
| 中图分类: | TQ227.3 | |
| 科图分类: | ||
| 主题词: | 砜--feng--聚合物--研究 | |
| 电子资源: | ||
| ISBN: | 978-7-122-21433-1 | |
| 000 | 01001nam0 2200277 450 | |
| 001 | CAL 0120151526548 | |
| 005 | 20150806150819.00 | |
| 010 | @a978-7-122-21433-1@dCNY58.00 | |
| 100 | @a20150413d2015 em y0chiy50 ea | |
| 101 | 0 | @achi |
| 102 | @aCN@b110000 | |
| 105 | @aak a 000yy | |
| 106 | @ar | |
| 200 | 1 | @a砜聚合物及其应用@Afeng ju he wu ji qi ying yong@d= Sulfone polymers and applications@f李生柱, 吴存雷编著@zeng |
| 210 | @a北京@c化学工业出版社@d2015.04 | |
| 215 | @a157页@c图@d24cm | |
| 320 | @a有书目 | |
| 330 | @a本书主要对各类砜聚合物, 如双酚A型聚砜、聚醚砜、聚苯砜、聚芳砜、聚苯硫醚砜、聚砜酰胺、聚酰亚胺砜和聚砜酰亚胺的合成、牌号、结构与性能、改性技术、成型加工及应用等进行了详细介绍。 | |
| 510 | 1 | @aSulfone polymers and applications@zeng |
| 586 | @a | |
| 606 | 0 | @a砜@Afeng@x聚合物@x研究 |
| 690 | @aTQ227.3@v5 | |
| 701 | 0 | @a李生柱@Ali sheng zhu@4编著 |
| 701 | 0 | @a吴存雷@Awu cun lei@4编著 |
| 801 | 0 | @aCN@c20150820 |
| 905 | @a河南城建学院图书馆@dTQ227.3@eL250@f3 | |
| 砜聚合物及其应用= Sulfone polymers and applications/李生柱, 吴存雷编著.-北京:化学工业出版社,2015.04 |
| 157页:图;24cm |
| ISBN 978-7-122-21433-1:CNY58.00 |
| 本书主要对各类砜聚合物, 如双酚A型聚砜、聚醚砜、聚苯砜、聚芳砜、聚苯硫醚砜、聚砜酰胺、聚酰亚胺砜和聚砜酰亚胺的合成、牌号、结构与性能、改性技术、成型加工及应用等进行了详细介绍。 |
| ● |
| 相关链接 |
|
|
|
正题名:砜聚合物及其应用
索取号:TQ227.3/L250
 
预约/预借
| 序号 | 登录号 | 条形码 | 馆藏地/架位号 | 状态 | 备注 |
| 1 | 1162217 | 211622172 | 期刊室512/501自科库 140排3列2层/ [索取号:TQ227.3/L250] | 在馆 | |
| 2 | 1162218 | 211622181 | 自科库501/501自科库 140排3列2层/ [索取号:TQ227.3/L250] | 在馆 | |
| 3 | 1162219 | 211622190 | 自科库501/501自科库 140排3列2层/ [索取号:TQ227.3/L250] | 在馆 |